000 00242nam a22001217a 4500
003 SGT
082 _a954.034
_bH10G
100 _aGANDHI, MAHATMA
245 _aHIND SWARAJ
260 _bHIND PRAKASHAN
_c2010
300 _a148
942 _2ddc
_cBK
999 _c28308
_d28308